El estudio de la humanidad

Salvato in:
Dettagli Bibliografici
Autore principale: Chase, Stuart (Autore)
Natura: Libro
Lingua:spagnolo
Pubblicazione: Ciudad de México UTEHA 1966
Serie:Manuales de UTEHA, 335
Soggetti:
Tags: Aggiungi Tag
Nessun Tag, puoi essere il primo ad aggiungerne!!

MARC

LEADER 00000nam a2200000 a 4500
001 UCQ0861
003 CL-VaPUC
008 980703e19660000MX |||||||||||||||||spa|d
082 0 4 |a 301  |b CHA  |2 21 
100 0 |a Chase, Stuart  |e author  |9 414229 
245 1 3 |a El estudio de la humanidad 
300 |a 417 p 
942 |c BK 
945 |d 19980703 00:00:00  |a crobeson 
260 |a Ciudad de México  |b UTEHA  |c 1966 
650 0 |a Sociología   |9 255410 
650 0 |a Ciencias sociales   |9 256351 
650 0 |a Sociología cultural  |9 337005 
650 7 |a CONDICIONES CULTURALES  |2 CL-VaPUC  |9 319132 
650 7 |a MEDIO CULTURAL  |2 CL-VaPUC  |9 356012 
650 0 |a Filosofía de las ciencias sociales  |9 268057 
650 7 |a SOCIOLOGIA ECONOMICA  |2 CL-VaPUC  |9 341237 
650 7 |a SOCIOLOGIA DE GRUPOS  |2 CL-VaPUC  |9 412974 
650 0 |a Sociología política   |9 255920 
583 |a last modification  |c 19980703 00:00:00  |k Rodrigo Vera 
490 0 |a Manuales de UTEHA, 335 
999 |c 271889  |d 271887 
952 |0 0  |1 0  |4 0  |6 301_000000000000000_CHA_1966  |7 0  |8 P  |9 306676  |a BIBENE  |b BIBENE  |d 2019-11-20  |i 1429094  |o 301 CHA 1966  |p 1429094  |r 2025-01-15  |w 2019-11-20  |y BK  |k ICO 
952 |0 0  |1 0  |4 0  |6 301_000000000000000_CHA_1966  |7 0  |8 P  |9 306677  |a BIBENE  |b BIBENE  |d 2019-11-20  |i 1429108  |o 301 CHA 1966  |p 1429108  |r 2025-01-15  |w 2019-11-20  |y BK  |k ICO